[Event "Johannesburg PSS Capablanca-B"]
[Site "Johannesburg"]
[Date "2017.04.29"]
[Round "5"]
[White "Nelson, Jaco"]
[Black "Choko, Siyabonga V"]
[Result "0-1"]
[WhiteElo "1867"]
[BlackElo "1931"]
[PlyCount "44"]
[EventDate "2017.04.26"]
[EventType "tourn"]
[EventRounds "9"]
[EventCountry "RSA"]
[SourceTitle "CBM 178 Extra"]
[Source "ChessBase"]
[SourceDate "2017.06.22"]
[SourceVersion "1"]
[SourceVersionDate "2017.06.22"]
[SourceQuality "1"]

1. e4 e5 2. Nf3 Nc6 3. d4 exd4 4. Nxd4 Bc5 5. Nb3 Bb6 6. Nc3 Qf6 7. Qf3 Ne5 8. Qg3 Ne7 9. a4 a6 10. Bg5 Bxf2+ 11. Qxf2 Qxg5 12. Be2 0-0 13. 0-0 d6 14. Rad1 Bg4 15. Nd5 Nxd5 16. Rxd5 Bxe2 17. Qxe2 Rae8 18. Na5 Qg4 19. Qe3 b6 20. Rf4 Qe6 21. Nb3 Ng6 22. Nd4 Qxd5 0-1

[Event "Johannesburg PSS Prestige op"]
[Site "Johannesburg"]
[Date "2017.04.23"]
[Round "9"]
[White "Nelson, Jaco"]
[Black "Ateka, Nathan"]
[Result "1/2-1/2"]
[WhiteElo "1867"]
[BlackElo "2123"]
[PlyCount "77"]
[EventDate "2017.04.22"]
[EventType "swiss (rapid)"]
[EventRounds "10"]
[EventCountry "RSA"]
[SourceTitle "CBM 177 Extra"]
[Source "ChessBase"]
[SourceDate "2017.04.27"]
[SourceVersion "1"]
[SourceVersionDate "2017.04.27"]
[SourceQuality "1"]

1. c4 Nf6 2. Nc3 g6 3. e4 d6 4. d4 Bg7 5. Nf3 0-0 6. Be2 Na6 7. Bg5 c5 8. d5 Nc7 9. 0-0 Bd7 10. e5 dxe5 11. Nxe5 h6 12. Bf4 Nce8 13. Qd2 Kh7 14. Bd3 Nd6 15. Rfe1 Bf5 16. Re3 Bxd3 17. Qxd3 Nf5 18. Rh3 Ng8 19. Re1 b6 20. Ne4 Nf6 21. g4 Nxe4 22. Qxe4 Nd4 23. Bxh6 Bxh6 24. g5 Nf5 25. gxh6 Qd6 26. Ng4 b5 27. cxb5 Rad8 28. Ne3 Nd4 29. a4 f5 30. Qh4 g5 31. Qh5 g4 32. Rg3 Nf3+ 33. Rxf3 gxf3 34. Nxf5 Rg8+ 35. Ng3 Qxd5 36. Rxe7+ Kh8 37. Qxd5 Rxd5 38. h4 Rg4 39. Re4 1/2-1/2

[Event "Johannesburg PSS Prestige op"]
[Site "Johannesburg"]
[Date "2017.04.23"]
[Round "8"]
[White "Peretz, Leon"]
[Black "Nelson, Jaco"]
[Result "0-1"]
[WhiteElo "1977"]
[BlackElo "1867"]
[PlyCount "83"]
[EventDate "2017.04.22"]
[EventType "swiss (rapid)"]
[EventRounds "10"]
[EventCountry "RSA"]
[SourceTitle "CBM 177 Extra"]
[Source "ChessBase"]
[SourceDate "2017.04.27"]
[SourceVersion "1"]
[SourceVersionDate "2017.04.27"]
[SourceQuality "1"]

1. d4 Nf6 2. Nf3 d6 3. Bg5 Ne4 4. Bf4 c5 5. dxc5 Nxc5 6. Nc3 Nc6 7. e4 g6 8. Bc4 Bg7 9. 0-0 0-0 10. h3 Ne6 11. Be3 Bd7 12. a3 Rc8 13. Ba2 a6 14. Qd2 Re8 15. Rad1 Na5 16. e5 Bc6 17. exd6 Bxf3 18. d7 Bxd1 19. Bxe6 fxe6 20. Rxd1 Nc4 21. dxe8Q+ Qxe8 22. Qd7 Qxd7 23. Rxd7 Nxe3 24. fxe3 Bxc3 25. bxc3 Rxc3 26. Rxb7 Kf7 27. Rb3 Rxc2 28. Rb6 Rc3 29. Rxa6 Rxe3 30. a4 Ra3 31. a5 e5 32. Ra8 Ke6 33. a6 e4 34. a7 Ke5 35. Kf2 g5 36. Ke2 e3 37. g4 Ke4 38. Ke1 e5 39. Ke2 h6 40. Ke1 Ra2 41. Rb8 Rxa7 42. Rb4+ 0-1

[Event "Johannesburg PSS Prestige op"]
[Site "Johannesburg"]
[Date "2017.04.22"]
[Round "3"]
[White "Nelson, Jaco"]
[Black "Khumalo, Keith"]
[Result "0-1"]
[WhiteElo "1867"]
[BlackElo "1720"]
[PlyCount "86"]
[EventDate "2017.04.22"]
[EventType "swiss (rapid)"]
[EventRounds "10"]
[EventCountry "RSA"]
[SourceTitle "CBM 177 Extra"]
[Source "ChessBase"]
[SourceDate "2017.04.27"]
[SourceVersion "1"]
[SourceVersionDate "2017.04.27"]
[SourceQuality "1"]

1. f4 Nf6 2. Nf3 c5 3. b3 g6 4. Bb2 Bg7 5. Nc3 d5 6. e3 a6 7. d4 cxd4 8. exd4 0-0 9. Ne5 Bf5 10. Be2 Nc6 11. 0-0 Ne4 12. Nxc6 bxc6 13. Kh1 c5 14. Na4 h5 15. Rb1 cxd4 16. Bxd4 e6 17. Bxg7 Kxg7 18. c4 Qh4 19. Qe1 Qxe1 20. Rbxe1 dxc4 21. Bxc4 Nd2 22. Rf3 Nxf3 23. gxf3 Rfd8 24. Re2 Bh3 25. Kg1 Rd4 26. Kf2 a5 27. Ke3 Rad8 28. Rb2 Rd1 29. Nc3 Re1+ 30. Kf2 Rh1 31. Kg3 Bf5 32. Kg2 Rc1 33. Ne2 Rcd1 34. b4 axb4 35. Rxb4 R1d2 36. Kf2 Bd3 37. Bxd3 R8xd3 38. a4 Ra3 39. Ke1 Rda2 40. Nc1 Rxh2 41. Rc4 Re3+ 42. Kd1 Rxf3 43. a5 Rf1# 0-1

[Event "Johannesburg PSS Prestige op"]
[Site "Johannesburg"]
[Date "2017.04.22"]
[Round "1"]
[White "Nelson, Jaco"]
[Black "Mabusela, Johannes Manyedi"]
[Result "1/2-1/2"]
[WhiteElo "1867"]
[BlackElo "2250"]
[PlyCount "73"]
[EventDate "2017.04.22"]
[EventType "swiss (rapid)"]
[EventRounds "10"]
[EventCountry "RSA"]
[SourceTitle "CBM 177 Extra"]
[Source "ChessBase"]
[SourceDate "2017.04.27"]
[SourceVersion "1"]
[SourceVersionDate "2017.04.27"]
[SourceQuality "1"]

1. e4 c5 2. Nf3 Nc6 3. d4 cxd4 4. Nxd4 g6 5. c4 Nf6 6. Nc3 d6 7. Be2 Nxd4 8. Qxd4 Bg7 9. 0-0 0-0 10. Qd3 Be6 11. f4 Rc8 12. Nd5 Bxd5 13. exd5 Nd7 14. Rb1 Nc5 15. Qc2 a6 16. f5 b5 17. b3 b4 18. Bg4 Ra8 19. a4 bxa3 20. Bxa3 a5 21. fxg6 hxg6 22. Bb2 Nd7 23. Bxg7 Kxg7 24. Bxd7 Qxd7 25. Qc3+ f6 26. Ra1 Qc7 27. Rfe1 Ra7 28. Re4 Qb6+ 29. Kh1 Rb8 30. Rae1 Rbb7 31. h3 Qd8 32. Qe3 Rd7 33. Rh4 Qg8 34. Qh6+ Kf7 35. Qe3 Kg7 36. Qh6+ Kf7 37. Qe3 1/2-1/2

[Event "Waterkloof op"]
[Site "Pretoria"]
[Date "2017.03.03"]
[Round "2"]
[White "Koekemoer, Bernard"]
[Black "Nelson, Jaco"]
[Result "0-1"]
[WhiteElo "1722"]
[BlackElo "1866"]
[PlyCount "92"]
[EventDate "2017.03.02"]
[EventType "swiss"]
[EventRounds "6"]
[EventCountry "RSA"]
[SourceTitle "EXT 2018"]
[Source "ChessBase"]
[SourceDate "2017.10.13"]
[SourceVersion "1"]
[SourceVersionDate "2017.10.13"]
[SourceQuality "1"]

1. d4 Nf6 2. Nf3 g6 3. g3 b6 4. Bg2 Bb7 5. 0-0 Bg7 6. c4 0-0 7. Nc3 d6 8. Qc2 e6 9. e4 Qe7 10. Bg5 h6 11. Bf4 Nfd7 12. Rad1 Nc6 13. Qd2 Kh7 14. Rfe1 a6 15. Qe2 Rad8 16. Bc1 Rfe8 17. d5 Nce5 18. Nd4 Nb8 19. f4 c5 20. dxc6 Nexc6 21. Be3 Qc7 22. Nxc6 Bxc6 23. Bd4 Bf8 24. Bf6 Rc8 25. e5 Nd7 26. exd6 Bxd6 27. Be5 Bc5+ 28. Bd4 Be7 29. b3 Bb4 30. Rd3 Bxg2 31. Kxg2 b5 32. Red1 bxc4 33. bxc4 f5 34. Bf2 Nf6 35. Qd2 Re7 36. Kg1 Ne4 37. Nxe4 Bxd2 38. Nxd2 Rd8 39. Nf3 Rxd3 40. Rxd3 Qxc4 41. Rd8 Qc7 42. Rd4 Qc1+ 43. Kg2 Qc6 44. Rd8 g5 45. fxg5 hxg5 46. Bd4 e5 0-1

[Event "Waterkloof op"]
[Site "Pretoria"]
[Date "2017.03.02"]
[Round "1"]
[White "Nelson, Jaco"]
[Black "Jere, Daniel"]
[Result "0-1"]
[WhiteElo "1866"]
[BlackElo "2386"]
[PlyCount "78"]
[EventDate "2017.03.02"]
[EventType "swiss"]
[EventRounds "6"]
[EventCountry "RSA"]
[SourceTitle "CBM 177 Extra"]
[Source "ChessBase"]
[SourceDate "2017.04.27"]
[SourceVersion "1"]
[SourceVersionDate "2017.04.27"]
[SourceQuality "1"]

1. e4 e6 2. d4 d5 3. Nc3 Nf6 4. exd5 exd5 5. Bd3 c6 6. h3 Bd6 7. Nf3 0-0 8. 0-0 Nbd7 9. Re1 Re8 10. Bd2 Nf8 11. Rxe8 Qxe8 12. Qf1 Bd7 13. Re1 Qd8 14. Ne5 Qb6 15. Ne2 Ne6 16. Bf5 Bc8 17. Bc3 Ng5 18. Ng3 Bxf5 19. Nxf5 Bf8 20. h4 Nge4 21. Re3 g6 22. Ng3 Nxc3 23. bxc3 Bd6 24. h5 c5 25. Qd1 Bf8 26. Qd3 c4 27. Qd1 Bh6 28. hxg6 fxg6 29. Rf3 Re8 30. Nf1 Ne4 31. Ne3 Nxc3 32. Qd2 Qxd4 33. Qxd4 Ne2+ 34. Kf1 Nxd4 35. N5g4 Nxf3 36. Nf6+ Kf8 37. Nxe8 Nd2+ 38. Ke2 Kxe8 39. Nxd5 Kf7 0-1

[Event "Johannesburg PSS op"]
[Site "Johannesburg"]
[Date "2016.04.24"]
[Round "9"]
[White "Xulu, Lindokuhle"]
[Black "Nelson, Jaco"]
[Result "0-1"]
[WhiteElo "1790"]
[BlackElo "1926"]
[PlyCount "70"]
[EventDate "2016.04.23"]
[EventType "swiss"]
[EventRounds "10"]
[EventCountry "RSA"]
[SourceTitle "CBM 172 Extra"]
[Source "ChessBase"]
[SourceDate "2016.06.21"]
[SourceVersion "1"]
[SourceVersionDate "2016.06.21"]
[SourceQuality "1"]

1. e4 d6 2. d4 e5 3. Nf3 Nd7 4. Bc4 Be7 5. 0-0 Ngf6 6. Ng5 0-0 7. f4 Nb6 8. Bb3 exd4 9. e5 dxe5 10. fxe5 Nfd5 11. Qh5 Bxg5 12. Bxg5 Qe8 13. Nd2 c5 14. Rae1 Be6 15. Re4 f5 16. Qxe8 Raxe8 17. Re2 h6 18. Bh4 Ne3 19. Bxe6+ Rxe6 20. Rc1 Rxe5 21. c3 d3 22. Ree1 g5 23. Bf2 f4 24. b3 c4 25. Rb1 Rf7 26. g3 Ra5 27. Rb2 Re5 28. gxf4 gxf4 29. Nf3 Rg7+ 30. Kh1 Ree7 31. Bh4 Rd7 32. Bf6 Rg6 33. Bd4 Rxd4 34. Nxd4 Nbd5 35. bxc4 Nxc3 0-1

[Event "Johannesburg PSS op"]
[Site "Johannesburg"]
[Date "2016.04.24"]
[Round "8"]
[White "Zitha, Ll"]
[Black "Nelson, Jaco"]
[Result "1-0"]
[WhiteElo "2085"]
[BlackElo "1926"]
[PlyCount "87"]
[EventDate "2016.04.23"]
[EventType "swiss"]
[EventRounds "10"]
[EventCountry "RSA"]
[SourceTitle "CBM 172 Extra"]
[Source "ChessBase"]
[SourceDate "2016.06.21"]
[SourceVersion "1"]
[SourceVersionDate "2016.06.21"]
[SourceQuality "1"]

1. e4 e5 2. Nf3 Nc6 3. Bb5 Nge7 4. 0-0 g6 5. d3 Bg7 6. c3 0-0 7. Nbd2 d5 8. Qe2 d4 9. cxd4 Nxd4 10. Nxd4 Qxd4 11. Nf3 Qd6 12. Be3 c5 13. Rac1 b6 14. Kh1 h6 15. Ne1 g5 16. Bc4 Kh7 17. Qh5 f5 18. Bxg5 Ng6 19. Bd5 Rb8 20. Bd2 Ne7 21. Bc4 fxe4 22. Be3 Nf5 23. Qe2 Bb7 24. dxe4 Bxe4 25. Rd1 Qg6 26. f3 Qh5 27. Bf2 Bc6 28. Bd3 Kh8 29. Be4 Bxe4 30. Qxe4 Nd4 31. Bg3 Rbe8 32. Nd3 c4 33. Nxe5 Nf5 34. Bf4 Re7 35. g4 Qe8 36. Rfe1 Nh4 37. Bg3 Rxf3 38. Bxh4 Rf1+ 39. Rxf1 Rxe5 40. Qf3 Re3 41. Rd8 Qxd8 42. Bxd8 Rxf3 43. Rxf3 Bxb2 44. Rf4 1-0

[Event "Johannesburg PSS op"]
[Site "Johannesburg"]
[Date "2016.04.23"]
[Round "5"]
[White "Nelson, Jaco"]
[Black "Jere, Daniel"]
[Result "0-1"]
[WhiteElo "1926"]
[BlackElo "2357"]
[PlyCount "40"]
[EventDate "2016.04.23"]
[EventType "swiss"]
[EventRounds "10"]
[EventCountry "RSA"]
[SourceTitle "CBM 172 Extra"]
[Source "ChessBase"]
[SourceDate "2016.06.21"]
[SourceVersion "1"]
[SourceVersionDate "2016.06.21"]
[SourceQuality "1"]

1. e4 e6 2. Nc3 d5 3. Nf3 Nf6 4. e5 Nfd7 5. d4 c5 6. dxc5 Nc6 7. Bf4 Bxc5 8. Bd3 f6 9. exf6 Nxf6 10. h4 0-0 11. Qd2 e5 12. Bg5 e4 13. Nxd5 Qxd5 14. Bxf6 exd3 15. Bc3 Re8+ 16. Kf1 Re2 17. Qxd3 Rxf2+ 18. Ke1 Qxd3 19. cxd3 Rxg2 20. d4 Bg4 0-1

[Event "Johannesburg PSS op"]
[Site "Johannesburg"]
[Date "2016.04.23"]
[Round "7"]
[White "Nelson, Jaco"]
[Black "Jurgensen, Graham"]
[Result "1-0"]
[WhiteElo "1926"]
[BlackElo "2023"]
[PlyCount "85"]
[EventDate "2016.04.23"]
[EventType "swiss"]
[EventRounds "10"]
[EventCountry "RSA"]
[SourceTitle "CBM 172 Extra"]
[Source "ChessBase"]
[SourceDate "2016.06.21"]
[SourceVersion "1"]
[SourceVersionDate "2016.06.21"]
[SourceQuality "1"]

1. Nf3 Nf6 2. g3 c5 3. Bg2 Nc6 4. c4 e5 5. 0-0 Be7 6. Nc3 d6 7. d3 0-0 8. Rb1 h6 9. a3 a5 10. Nd2 Bg4 11. h3 Bd7 12. Nd5 Nxd5 13. cxd5 Nb8 14. b4 axb4 15. axb4 Na6 16. bxc5 Nxc5 17. d4 Ba4 18. Qe1 exd4 19. Nf3 Bc2 20. Rb4 d3 21. e4 Bf6 22. Bb2 Bxb2 23. Rxb2 Re8 24. Nd4 Qf6 25. Rb4 Rec8 26. Qe3 Ra4 27. Rxa4 Nxa4 28. f4 Nc3 29. e5 dxe5 30. fxe5 Qg5 31. Rf4 Nd1 32. Qe1 Ba4 33. Nf3 Qd8 34. Rxa4 Rc1 35. Qd2 Qc7 36. Kh2 Qc5 37. Ra8+ Kh7 38. Qxd3+ g6 39. Qd4 Qc2 40. e6 g5 41. Rh8+ Kg6 42. Rg8+ Kf5 43. g4# 1-0

[Event "Johannesburg PSS op"]
[Site "Johannesburg"]
[Date "2016.04.23"]
[Round "4"]
[White "Ovcina, Dennis"]
[Black "Nelson, Jaco"]
[Result "0-1"]
[WhiteElo "2214"]
[BlackElo "1926"]
[PlyCount "70"]
[EventDate "2016.04.23"]
[EventType "swiss"]
[EventRounds "10"]
[EventCountry "RSA"]
[SourceTitle "CBM 172 Extra"]
[Source "ChessBase"]
[SourceDate "2016.06.21"]
[SourceVersion "1"]
[SourceVersionDate "2016.06.21"]
[SourceQuality "1"]

1. Nf3 Nf6 2. c4 b6 3. g3 Bb7 4. Bg2 g6 5. b3 e5 6. d3 Qc8 7. 0-0 d6 8. Nc3 Bg7 9. Bb2 h5 10. e4 0-0 11. Nd5 Nxd5 12. cxd5 c5 13. dxc6 Nxc6 14. d4 Ba6 15. Re1 exd4 16. Nxd4 Ne5 17. Re3 Qd7 18. h3 Rac8 19. Rb1 Bh6 20. f4 h4 21. Rc3 Rxc3 22. Bxc3 Rc8 23. Ba1 Nd3 24. Qf3 hxg3 25. f5 Ne5 26. Qxg3 Kh7 27. Qh4 Rg8 28. Kh1 g5 29. Qh5 g4 30. hxg4 Nxg4 31. Nf3 Nf2+ 32. Kg1 Nxe4 33. Re1 Ng3 34. Qh4 Qxf5 35. Nd4 Qg6 0-1

[Event "Johannesburg Tsogo Sun op"]
[Site "Johannesburg"]
[Date "2015.07.18"]
[Round "7"]
[White "Makoto, Rodwell"]
[Black "Nelson, Jaco"]
[Result "1-0"]
[WhiteElo "2403"]
[BlackElo "1929"]
[PlyCount "155"]
[EventDate "2015.07.15"]
[EventType "swiss"]
[EventRounds "9"]
[EventCountry "RSA"]
[SourceTitle "CBM 167 Extra"]
[Source "ChessBase"]
[SourceDate "2015.09.14"]
[SourceVersion "1"]
[SourceVersionDate "2015.09.14"]
[SourceQuality "1"]

1. Nf3 g6 2. c4 Bg7 3. g3 d6 4. Bg2 Nd7 5. 0-0 e5 6. Nc3 Ne7 7. d3 0-0 8. Rb1 a5 9. a3 h6 10. b4 g5 11. Nd2 Nc6 12. Nd5 g4 13. b5 Ne7 14. a4 Nc5 15. Ba3 Ne6 16. Nb3 f5 17. Qd2 f4 18. Rfc1 f3 19. exf3 gxf3 20. Bf1 b6 21. d4 exd4 22. Nxe7+ Qxe7 23. Bb2 Nc5 24. Bxd4 Bf5 25. Re1 Qf7 26. Nxc5 Bxd4 27. Nd3 Qg7 28. Rb3 Bf6 29. Nf4 Be5 30. Qd5+ Qf7 31. Qxf3 Bc2 32. Rbe3 Bxf4 33. Re7 Qg6 34. R1e6 Qg5 35. h4 Bxg3 36. Qxf8+ Rxf8 37. hxg5 Bxf2+ 38. Kg2 Bd4 39. Be2 hxg5 40. Bf3 Rf7 41. Bd5 Rxe7 42. Rxe7+ Kf8 43. Rxc7 Bxa4 44. Kf3 Bc2 45. Be4 Bd1+ 46. Kg3 a4 47. Ra7 Bc5 48. Bb1 Bb3 49. Kg4 Bxc4 50. Rxa4 Bxb5 51. Ra7 d5 52. Kxg5 Be7+ 53. Kg6 Ke8 54. Bf5 d4 55. Rb7 d3 56. Rxb6 d2 57. Rb8+ Bd8 58. Bg4 Bd3+ 59. Kg7 Bc2 60. Bh5+ Ke7 61. Rb7+ Kd6 62. Bg4 Bc7 63. Rb2 d1Q 64. Bxd1 Be4 65. Re2 Kd5 66. Rd2+ Ke6 67. Bb3+ Ke5 68. Kf7 Bb6 69. Be6 Bd4 70. Ra2 Kf4 71. Ra4 Ke5 72. Ra5+ Kf4 73. Bc4 Be5 74. Ke7 Bf5 75. Bd5 Bd3 76. Ra3 Be2 77. Ra4+ Ke3 78. Re4+ 1-0

[Event "Johannesburg Tsogo Sun op"]
[Site "Johannesburg"]
[Date "2015.07.17"]
[Round "5"]
[White "Fourie, Louhan"]
[Black "Nelson, Jaco"]
[Result "0-1"]
[WhiteElo "1415"]
[BlackElo "1929"]
[PlyCount "72"]
[EventDate "2015.07.15"]
[EventType "swiss"]
[EventRounds "9"]
[EventCountry "RSA"]
[SourceTitle "CBM 167 Extra"]
[Source "ChessBase"]
[SourceDate "2015.09.14"]
[SourceVersion "1"]
[SourceVersionDate "2015.09.14"]
[SourceQuality "1"]

1. d4 Nf6 2. c4 g6 3. Nc3 d5 4. Bg5 Bg7 5. Nf3 0-0 6. Bxf6 Bxf6 7. cxd5 c6 8. e4 Bg7 9. h3 cxd5 10. Nxd5 Nc6 11. Bb5 e6 12. Bxc6 bxc6 13. Nc3 Ba6 14. Qd2 Qa5 15. Rb1 Rab8 16. g4 Rfd8 17. g5 c5 18. a3 Bxd4 19. Nxd4 Rxd4 20. Qe3 Bd3 21. Rd1 Rxe4 22. Rxd3 Rxe3+ 23. Rxe3 Rxb2 24. 0-0 c4 25. Rc1 Qxg5+ 26. Kf1 Qf4 27. Nd1 Rxf2+ 28. Nxf2 Qxe3 29. Rxc4 Qxa3 30. Rc7 a5 31. Ra7 a4 32. Kg2 Qa2 33. h4 a3 34. Kg3 Qd5 35. Kh2 Kg7 36. Ng4 Qd4 0-1

[Event "Johannesburg Tsogo Sun op"]
[Site "Johannesburg"]
[Date "2015.07.17"]
[Round "4"]
[White "Nelson, Jaco"]
[Black "Khumalo, Keith"]
[Result "1/2-1/2"]
[WhiteElo "1929"]
[BlackElo "1536"]
[PlyCount "94"]
[EventDate "2015.07.15"]
[EventType "swiss"]
[EventRounds "9"]
[EventCountry "RSA"]
[SourceTitle "CBM 167 Extra"]
[Source "ChessBase"]
[SourceDate "2015.09.14"]
[SourceVersion "1"]
[SourceVersionDate "2015.09.14"]
[SourceQuality "1"]

1. e4 c5 2. Nf3 Nc6 3. c4 g6 4. Nc3 Bg7 5. d3 d6 6. Be2 Nf6 7. 0-0 0-0 8. Rb1 Rb8 9. Re1 Nd7 10. Bg5 Qa5 11. Qd2 Re8 12. a3 Nd4 13. Nxd4 Bxd4 14. b4 Bxc3 15. Qxc3 cxb4 16. Qd2 Qxa3 17. Ra1 Qc3 18. Rxa7 b5 19. cxb5 Rxb5 20. Rc1 Qxd2 21. Bxd2 Rb8 22. Rb1 b3 23. f3 Ne5 24. Bc3 Be6 25. d4 Rec8 26. Bb2 Nc4 27. Bd3 Nxb2 28. Rxb2 Rc3 29. Bb1 Rbc8 30. d5 Rc1+ 31. Kf2 R1c2+ 32. Bxc2 bxc2 33. Ra1 c1Q 34. Rxc1 Rxc1 35. dxe6 fxe6 36. Rb8+ Kg7 37. Kg3 d5 38. Rd8 Rd1 39. Kf4 d4 40. Ke5 Rd2 41. g4 Kf7 42. Rxd4 Rxh2 43. Rd8 Rh3 44. f4 h5 45. g5 Rb3 46. Rh8 Kg7 47. Rc8 Kf7 1/2-1/2

[Event "Johannesburg Tsogo Sun op"]
[Site "Johannesburg"]
[Date "2015.07.16"]
[Round "2"]
[White "Nelson, Jaco"]
[Black "Gluckman, Paul"]
[Result "1-0"]
[WhiteElo "1929"]
[BlackElo "1760"]
[PlyCount "77"]
[EventDate "2015.07.15"]
[EventType "swiss"]
[EventRounds "9"]
[EventCountry "RSA"]
[SourceTitle "CBM 167 Extra"]
[Source "ChessBase"]
[SourceDate "2015.09.14"]
[SourceVersion "1"]
[SourceVersionDate "2015.09.14"]
[SourceQuality "1"]

1. d4 Nf6 2. Nf3 g6 3. Nc3 d5 4. Bf4 Bg7 5. e3 0-0 6. Be2 c6 7. Ne5 Nbd7 8. h4 Nxe5 9. Bxe5 Nd7 10. Bxg7 Kxg7 11. Qd2 Nf6 12. h5 Rh8 13. 0-0-0 b5 14. Bf3 Be6 15. Rdg1 Qa5 16. a3 Qc7 17. g4 a5 18. h6+ Kf8 19. g5 Nd7 20. e4 Nb6 21. b3 Qd6 22. Nb1 a4 23. exd5 cxd5 24. Bg4 axb3 25. cxb3 Rc8+ 26. Kb2 Bf5 27. Bxf5 gxf5 28. Rc1 Rxc1 29. Rxc1 Rg8 30. Qa5 f6 31. Qxb5 Rxg5 32. Rc6 Qf4 33. Qxb6 Qxf2+ 34. Rc2 Qe1 35. Qd8+ Kf7 36. Qxd5+ Kg6 37. Qg8+ Kxh6 38. Rh2+ Rh5 39. Qf8+ 1-0

[Event "Pretoria Waterkloof op"]
[Site "Pretoria"]
[Date "2015.03.05"]
[Round "1"]
[White "Simutowe, Musatwe"]
[Black "Nelson, Jaco"]
[Result "0-1"]
[WhiteElo "2166"]
[BlackElo "1923"]
[PlyCount "142"]
[EventDate "2015.03.05"]
[EventType "swiss"]
[EventRounds "6"]
[EventCountry "RSA"]
[SourceTitle "CBM 165 Extra"]
[Source "ChessBase"]
[SourceDate "2015.04.21"]
[SourceVersion "1"]
[SourceVersionDate "2015.04.21"]
[SourceQuality "1"]

1. e4 e6 2. d4 d5 3. Nc3 dxe4 4. Nxe4 Bd7 5. Nf3 Bc6 6. Bd3 Bxe4 7. Bxe4 c6 8. 0-0 Nf6 9. Bd3 Bd6 10. Bg5 Nbd7 11. Qe2 0-0 12. c4 Qc7 13. Rfe1 Rad8 14. a3 c5 15. dxc5 Nxc5 16. Bc2 b6 17. Bxf6 gxf6 18. b4 Nd7 19. Qe4 f5 20. Qh4 Rfe8 21. Ba4 Bf8 22. Rad1 Bg7 23. Ng5 h6 24. Nh3 a6 25. Nf4 b5 26. cxb5 Nb6 27. Bb3 axb5 28. Nh5 Rxd1 29. Rxd1 Qc3 30. Qg3 Qxg3 31. hxg3 Bh8 32. Rd6 Rb8 33. Rd2 Rc8 34. Rd6 Nc4 35. Ra6 Nd2 36. Ba2 Rc1+ 37. Kh2 Ra1 38. Bxe6 fxe6 39. Rxe6 Rxa3 40. Rb6 Ne4 41. Rxb5 Nxf2 42. Rxf5 Bd4 43. Rd5 Ra1 44. g4 Rd1 45. Kg3 Rd3+ 46. Kf4 Kf7 47. Rb5 Ke6 48. g5 Be3+ 49. Kf3 hxg5 50. Ke2 Rb3 51. Ng7+ Kf6 52. Ne8+ Kg6 53. Nd6 Ng4 54. Ne4 Bf4 55. Rb6+ Kf5 56. Nc5 Re3+ 57. Kf1 Bg3 58. Nd3 Rxd3 59. Ke2 Ke4 60. Rg6 Bf4 61. Re6+ Ne5 62. b5 Rd2+ 63. Ke1 Rxg2 64. b6 Rb2 65. b7 Rxb7 66. Ke2 Rb2+ 67. Kd1 g4 68. Re8 g3 69. Rg8 Kf3 70. Rg7 Rd2+ 71. Kc1 Rd7+ 0-1

[Event "Waterkloof Robbertse Memorial"]
[Site "Waterkloof"]
[Date "2015.02.01"]
[Round "6"]
[White "Marais, Charles F"]
[Black "Nelson, Jaco"]
[Result "1/2-1/2"]
[WhiteElo "1738"]
[BlackElo "1962"]
[PlyCount "28"]
[EventDate "2015.01.29"]
[EventType "swiss"]
[EventRounds "6"]
[EventCountry "RSA"]
[SourceTitle "CBM 164 Extra"]
[Source "ChessBase"]
[SourceDate "2015.03.02"]
[SourceVersion "1"]
[SourceVersionDate "2015.03.02"]
[SourceQuality "1"]

1. d4 c5 2. e4 g6 3. Nf3 Bg7 4. Nc3 cxd4 5. Nxd4 Nc6 6. Be3 Nf6 7. Be2 0-0 8. 0-0 d5 9. Nxc6 bxc6 10. e5 Nd7 11. f4 Nb6 12. a4 a5 13. Kh1 f6 14. exf6 exf6 1/2-1/2

[Event "Waterkloof Robbertse Memorial"]
[Site "Waterkloof"]
[Date "2015.02.01"]
[Round "5"]
[White "Nelson, Jaco"]
[Black "Marais, Daniel Petrus"]
[Result "0-1"]
[WhiteElo "1962"]
[BlackElo "1638"]
[PlyCount "70"]
[EventDate "2015.01.29"]
[EventType "swiss"]
[EventRounds "6"]
[EventCountry "RSA"]
[SourceTitle "CBM 164 Extra"]
[Source "ChessBase"]
[SourceDate "2015.03.02"]
[SourceVersion "1"]
[SourceVersionDate "2015.03.02"]
[SourceQuality "1"]

1. Nf3 Nf6 2. d3 g6 3. e4 d6 4. g3 Bg7 5. Bg2 0-0 6. 0-0 c5 7. Re1 Nc6 8. Nbd2 Qc7 9. Nf1 Bd7 10. Ne3 Rfe8 11. Ng5 h6 12. Nh3 e6 13. c3 Ne7 14. Ng4 Kh7 15. Nxf6+ Bxf6 16. Qf3 Ng8 17. g4 Bc6 18. Bxh6 Kxh6 19. Qg3 Be7 20. g5+ Kg7 21. Re3 Bf8 22. Qh4 Ne7 23. f4 Kg8 24. Nf2 Bg7 25. Ng4 Kf8 26. Nf6 Red8 27. Qh7 d5 28. Rf1 dxe4 29. dxe4 Rd2 30. Rh3 Rad8 31. b3 Nf5 32. Rff3 c4 33. exf5 Qb6+ 34. Kh1 Rd1+ 35. Bf1 Rxf1+ 0-1

[Event "Commonwealth & RSA op"]
[Site "Port Elizabeth"]
[Date "2013.07.09"]
[Round "5"]
[White "Barrish, Daniel"]
[Black "Nelson, Jaco"]
[Result "0-1"]
[WhiteElo "1824"]
[BlackElo "2003"]
[PlyCount "80"]
[EventDate "2013.07.06"]
[EventType "swiss"]
[EventRounds "11"]
[EventCountry "RSA"]
[SourceTitle "CBM 155 Extra"]
[Source "ChessBase"]
[SourceDate "2013.08.26"]
[SourceVersion "1"]
[SourceVersionDate "2013.08.26"]
[SourceQuality "1"]

1. d4 d6 2. c4 e5 3. Nc3 Nd7 4. Nf3 Be7 5. e4 c6 6. Be2 g5 7. Be3 h6 8. Nd2 Bf6 9. Nb3 Ne7 10. Qd2 Ng6 11. g3 b6 12. 0-0-0 Qc7 13. dxe5 dxe5 14. Bh5 Ba6 15. c5 Be7 16. h4 gxh4 17. Bxg6 fxg6 18. gxh4 Bc4 19. cxb6 axb6 20. Qc2 Qb7 21. Rhg1 Bf7 22. f4 0-0-0 23. fxe5 Nxe5 24. Bd4 Qc7 25. Nb5 Rxd4 26. Nxc7 Rc4 27. Nd5 Rxc2+ 28. Kxc2 cxd5 29. exd5 Bxh4 30. d6 Nc4 31. Rd3 Kd7 32. Rf1 Be6 33. Nd4 Rc8 34. Kb1 Bd5 35. Rf4 Bg5 36. Ne2 Bxf4 37. Rxd5 Nd2+ 38. Ka1 Re8 39. Rxd2 Bxd2 40. Nc3 Bxc3 0-1